Top 10 Richest and Poorest Countries in Africa - Statistics

General Stats
  • This quiz has been taken 87 times
  • The average score is 17 of 20
Answer Stats
GDP Country % Correct
$15.360 Egypt
95%
$14.930 South Africa
95%
$18.350 Libya
90%
$1.430 Niger
90%
$928 South Sudan
90%
$12.300 Tunisia
90%
$13.000 Algeria
88%
$1.310 DR Congo
87%
$1.710 Chad
86%
$25.040 Mauritius
86%
$35.270 Seychelles
85%
$1.320 Somalia
83%
$1.100 Central African Republic
79%
$19.290 Botswana
78%
$856 Burundi
77%
$1.780 Madagascar
76%
$19.030 Equatorial Guinea
74%
$17.850 Gabon
74%
$1.600 Malawi
74%
$1.440 Mozambique
69%
No matching quizzes found
Score Distribution
Percent of People with Each Score
Percentile by Number Answered
Your Score History
You have not taken this quiz